| 000 | 00636nam a22001937a 4500 | ||
|---|---|---|---|
| 003 | OSt | ||
| 008 | 260625b |||||||| |||| 00| 0 eng d | ||
| 020 | _a9789391734091 | ||
| 082 |
_a632.40222 _bD49I |
||
| 100 | _aDevi , T.Prameela | ||
| 245 | _aIIIustrative Morphology of Agriculturally Important Fungi/ by T.Prameela Devi and Deeba Kamil | ||
| 260 |
_aNew Delhi: _b International Books & Periodicals Supply Service, _c2023 |
||
| 300 | _a262 p. | ||
| 650 | _aTechnology (Applied Sciences) | ||
| 650 | _aAgriculture and related technologies | ||
| 650 | _aFungal diseases of plants | ||
| 700 | _aKamil, Deeba | ||
| 942 |
_2ddc _cBK |
||
| 999 |
_c52308 _d52308 |
||